| 000 | 00000nam##2200000za#4500 |
| 001 | 9.644103 |
| 003 | CaOODSP |
| 005 | 20220107115122 |
| 007 | cr ||||||||||| |
| 008 | 150407|2014||||xxc|||||o f|0| 0 fre|d |
| 020 | |a978-0-660-23111-2 |
| 040 | |aCaOODSP|bfre |
| 043 | |an-cn--- |
| 086 | 1 |aHP40-130/2014F-PDF |
| 110 | 2 |aCentre de la lutte contre les maladies transmissibles et les infections (Canada) |
| 245 | 10|aStaphylococcus aureus résistant à la méthicilline dans les hôpitaux canadiens de soins de courte durée : |h[ressource électronique]|brapport de surveillance du 1er janvier 2008 au 31 décembre 2012 |
| 260 | |aOttawa - Ontario : |bAgence de santé publique du Canada. |cDécembre 2014. |
| 300 | |a50p.|bgraphiques, références, tableaux |
| 590 | |a15-05|b2015-01-30 |
| 775 | 08|tMethicillin-resistant Staphylococcus aureus in Canadian acute-care hospitals : |w(CaOODSP)9.700195 |
| 856 | 40|ahttp://publications.gc.ca|qPDF|s1.70 Mo|uhttps://publications.gc.ca/collections/collection_2015/aspc-phac/HP40-130-2014-fra.pdf |
| 986 | |aPub. : 140402 |